00305cjm a22001213a 4500040000800000082002600008245001200034260005100046300004100097500001800138500001800156650000900174 cDLC a658 DER 2016 A083 Or.00a10 West a[United States] :bDerek Ryan Edwards,cp2016. a1 sound disc :bdigital ;c4 3/4 in. aCompact disc. aBrief record. 0aJazz